00266nam a2200109Ia 4500008004100000100001600041245001800057260004300075650001400118942000700132999001700139190216s9999||||xx |||||||||||||| ||und|| aAsees V A A 0aAsramam Agale bSahithya Pravarthaka Sahakarana Sangam aMalayalam cBK c25875d25875